Online
Catalog

Travesía / (Record no. 15051)

MARC details
000 -CABECERA
campo de control de longitud fija 01881nam a2200289 a 4500
001 - NÚMERO DE CONTROL
campo de control 000015495
003 - IDENTIFICADOR DEL NÚMERO DE CONTROL
campo de control DO-SdBNP
005 - FECHA Y HORA DE LA ÚLTIMA TRANSACCIÓN
campo de control 20240409120336.0
007 - CAMPO FIJO DE DESCRIPCIÓN FÍSICA--INFORMACIÓN GENERAL
campo de control de longitud fija ta
008 - DATOS DE LONGITUD FIJA--INFORMACIÓN GENERAL
campo de control de longitud fija 100211s2009 dr ach 001 0 spa d
020 ## - NÚMERO INTERNACIONAL ESTÁNDAR DEL LIBRO
Número Internacional Estándar del Libro 9789945163292
040 ## - FUENTE DE LA CATALOGACIÓN
Centro catalogador/agencia de origen DO-SdBNP
Lengua de catalogación spa
Centro/agencia transcriptor BNPHU
082 #4 - NÚMERO DE LA CLASIFICACIÓN DECIMAL DEWEY
Número de clasificación 972.93054
Número de documento/Ítem M296t
Número de edición 22
100 1# - ENTRADA PRINCIPAL--NOMBRE DE PERSONA
Nombre de persona Mañón, Melvin
9 (RLIN) 10427
245 10 - MENCIÓN DE TÍTULO
Título Travesía /
Mención de responsabilidad, etc. Melvin Mañón ; prólogo Fidel Munnigh.
260 ## - PUBLICACIÓN, DISTRIBUCIÓN, ETC.
Lugar de publicación, distribución, etc. Santo Domingo :
Nombre del editor, distribuidor, etc. Búho,
Fecha de publicación, distribución, etc. 2009.
300 ## - DESCRIPCIÓN FÍSICA
Extensión ix, 504 p. :
Otras características físicas il., fracsíms., retrs. ;
Dimensiones 23 cm.
500 ## - NOTA GENERAL
Nota general Incluye bibliografía y notas al pie de páginas.
505 2# - NOTA DE CONTENIDO CON FORMATO
Nota de contenido con formato Prólogo: Melvin Mañón: humano, demasiado humano /
Mención de responsabilidad Fidel Munnigh --
Título I: Entre abril y Caracoles --
-- La contrainsurgencia avanza --
-- Confusión, extravío y malentendido: El origen de una infamia --
-- La ruptura del cerco y del anonimato --
-- El caso Orlando Martínez --
-- La movida de los generales --
-- II: Hacia la teoría del modelo cibaeño --
-- Hacia la capital del mundo --
-- Del MPD al Banco Central --
-- En busca de "El Grupo de Santiago" --
-- En mangas de camisa --
-- En el Palacio Nacional --
-- Los tiempos del desconcierto --
-- La ruta de la prosperidad --
-- A la deriva --
-- El futuro es sobre la marcha --
-- III: Antesala de la rebelión --
-- Escribiendo novelas y un nuevo despertar --
-- Un mundo fuera de control --
-- De regreso a la historia --
-- El futuro cercano --
Información miscelánea Epílogo --
-- Índice de nombres --
Título Cronología de acontecimientos.
590 ## - NOTA LOCAL (RLIN)
Nota local Inventariado, 2019/MFF
651 #4 - PUNTO DE ACCESO ADICIONAL DE MATERIA--NOMBRE GEOGRÁFICO
Nombre geográfico República Dominicana
Subdivisión general Historia
Subdivisión cronológica 1961-
Subdivisión general Relatos personales
9 (RLIN) 35001
651 #0 - PUNTO DE ACCESO ADICIONAL DE MATERIA--NOMBRE GEOGRÁFICO
Nombre geográfico REPÚBLICA DOMINICANA
Subdivisión general HISTORIA
Subdivisión cronológica OCUPACIÓN NORTEAMERICANA, 1985-1966
Subdivisión general CORRESPONDENCIA, MEMORIAS, ETC
9 (RLIN) 16871
651 #4 - PUNTO DE ACCESO ADICIONAL DE MATERIA--NOMBRE GEOGRÁFICO
Nombre geográfico República Dominicana
Subdivisión general Historia
Subdivisión cronológica Revolución, 1965
9 (RLIN) 2167
700 1# - PUNTO DE ACCESO ADICIONAL--NOMBRE DE PERSONA
Nombre de persona Munnigh, Fidel,
Término indicativo de función/relación pról.
9 (RLIN) 35003
910 ## - DATOS DE OPCIÓN DEL USUARIO (OCLC)
Datos de opción del usuario Validado. Control de calidad EMS
942 ## - ELEMENTOS DE PUNTO DE ACCESO ADICIONAL (KOHA)
Fuente del sistema de clasificación o colocación Dewey Decimal Classification
Tipo de ítem Koha Libro
Holdings
Estado de retiro Estado de pérdida Fuente del sistema de clasificación o colocación Restricciones de uso No para préstamo Código de colección Localización permanente Ubicación/localización actual Ubicación en estantería Fecha de adquisición Fuente de adquisición Signatura topográfica completa Código de barras Fecha visto por última vez Número de copia Precio válido a partir de Tipo de ítem Koha Total de préstamos
    Dewey Decimal Classification Préstamo en sala   Dominicana de Servicio Biblioteca Nacional Pedro Henríquez Ureña Biblioteca Nacional Pedro Henríquez Ureña Depósito 11.02.2010 Depósito Legal BNPHU DS 972.93054 M296t 15495-30 25.06.2020 e.3 25.06.2020 Libro  
    Dewey Decimal Classification Préstamo restringido   Patrimonio Dominicano Biblioteca Nacional Pedro Henríquez Ureña Biblioteca Nacional Pedro Henríquez Ureña Depósito 11.02.2010 Depósito Legal BNPHU PD 972.93054 M296t 15495-10 25.06.2020   25.06.2020 Libro  
    Dewey Decimal Classification Préstamo restringido   Patrimonio Dominicano Biblioteca Nacional Pedro Henríquez Ureña Biblioteca Nacional Pedro Henríquez Ureña Depósito 11.02.2010 Depósito Legal BNPHU PD 972.93054 M296t 15495-20 25.06.2020 e.2 25.06.2020 Libro  
    Dewey Decimal Classification Préstamo en sala   Dominicana de Servicio Biblioteca Nacional Pedro Henríquez Ureña Biblioteca Nacional Pedro Henríquez Ureña Depósito 04.05.2022 Compra BNPHU DS 972.93054 M296t 2022-1767 04.05.2022 e.4 04.05.2022 Libro  
    Dewey Decimal Classification Préstamo en sala   Dominicana de Servicio Biblioteca Nacional Pedro Henríquez Ureña Biblioteca Nacional Pedro Henríquez Ureña Depósito 04.05.2022 Compra BNPHU DS 972.93054 M296t 2022-1768 04.05.2022 e.5 04.05.2022 Libro  

Powered by Koha